The Effect of Financing Porfolio Diversification on Islamic Banks' Profitability - the Case of Jordan = أثر التنويع في محافظ التمويل على ربحية البنوك الاسلامية - حالة الأردن (Record no. 33255)
[ view plain ]
| 000 -LEADER | |
|---|---|
| fixed length control field | 01070nam a22002297a 4500 |
| 003 - CONTROL NUMBER IDENTIFIER | |
| control field | JO-AjAnu |
| 005 - DATE AND TIME OF LATEST TRANSACTION | |
| control field | 20240623132643.0 |
| 008 - FIXED-LENGTH DATA ELEMENTS--GENERAL INFORMATION | |
| fixed length control field | 231210b jo ||||| |||| 00| 0 ara d |
| 040 ## - CATALOGING SOURCE | |
| Original cataloging agency | JO-AjAnu |
| Language of cataloging | eng |
| Transcribing agency | JO-AjAnu |
| Description conventions | rda |
| 041 #0 - LANGUAGE CODE | |
| Language code of text/sound track or separate title | eng |
| Language code of original | eng |
| 050 ## - LIBRARY OF CONGRESS CALL NUMBER | |
| Classification number | HG3368. |
| Item number | A6.Q233 2016 |
| 100 #1 - MAIN ENTRY--PERSONAL NAME | |
| Personal name | Al Quadah, Mahmoud Marwan |
| 9 (RLIN) | 64804 |
| Relator term | Prepared |
| 245 #0 - TITLE STATEMENT | |
| Title | The Effect of Financing Porfolio Diversification on Islamic Banks' Profitability - the Case of Jordan = أثر التنويع في محافظ التمويل على ربحية البنوك الاسلامية - حالة الأردن |
| Statement of responsibility, etc. | Prepared Mahmoud Marwan Al Quadah ; Supervisor Demeh Daradkah |
| 260 ## - PUBLICATION, DISTRIBUTION, ETC. | |
| Date of publication, distribution, etc. | 2016 |
| 300 ## - PHYSICAL DESCRIPTION | |
| Extent | 97 paper |
| 500 ## - GENERAL NOTE | |
| General note | Thesis (Master) Yarmouk University (Irbid, Jordan), Faculty of Economics and Administrative Sciences, Department of Banking and Finance, 2016. |
| 501 ## - WITH NOTE | |
| With note | Contains appendices |
| 504 ## - BIBLIOGRAPHY, ETC. NOTE | |
| Bibliography, etc. note | It contains references in both Arabic and English |
| 650 40 - SUBJECT ADDED ENTRY--TOPICAL TERM | |
| Topical term or geographic name entry element | Banks and banking-Jordan |
| 9 (RLIN) | 64805 |
| 700 #1 - ADDED ENTRY--PERSONAL NAME | |
| Personal name | Daradkah,Demeh |
| 9 (RLIN) | 64806 |
| Relator term | supervisor |
| 942 ## - ADDED ENTRY ELEMENTS (KOHA) | |
| Source of classification or shelving scheme | Library of Congress Classification |
| Koha item type | Thesis |
| Suppress in OPAC | No |
| Withdrawn status | Lost status | Source of classification or shelving scheme | Damaged status | Not for loan | Home library | Current library | Date acquired | Total Checkouts | Full call number | Barcode | Date last seen | Price effective from | Koha item type |
|---|---|---|---|---|---|---|---|---|---|---|---|---|---|
| Library of Congress Classification | مكتبة جامعة عجلون الوطنية | مكتبة جامعة عجلون الوطنية | 10/12/2023 | HG3368.A6.Q233 2016 | E3521 | 10/12/2023 | 10/12/2023 | Thesis |